MARC details
| 000 -CABECERA |
| campo de control de longitud fija |
02420nab a2200289 a 4500 |
| 005 - FECHA Y HORA DE LA ÚLTIMA TRANSACCIÓN |
| campo de control |
20250224091957.0 |
| 008 - ELEMENTOS DE LONGITUD FIJA--INFORMACIÓN GENERAL |
| campo de control de longitud fija |
991125c2018 sp qr p o 000 0 spa d |
| 035 ## - NÚMERO DE CONTROL DEL SISTEMA |
| Número de control de sistema |
UPN01000223457 |
| 040 ## - FUENTE DE LA CATALOGACIÓN |
| Centro catalogador/agencia de origen |
UPN |
| Lengua de catalogación |
spa |
| Centro/agencia transcriptor |
UPN |
| Normas de descripción |
aacr2 |
| 049 ## - COLECCIÓN |
| Colección |
ART-E |
| 100 1# - ASIENTO PRINCIPAL--NOMBRE PERSONAL |
| Nombre de persona |
Torío López, Susana |
| 100 1# - ASIENTO PRINCIPAL--NOMBRE PERSONAL |
| Nombre de persona |
Viñuela Hernández, María Paulina |
| 100 1# - ASIENTO PRINCIPAL--NOMBRE PERSONAL |
| Nombre de persona |
García Pérez, Omar |
| 245 10 - MENCIÓN DE TÍTULO |
| Título |
Experiencias de vejez vital. Senior Cohousing: autonomía y participación |
| Medio |
[recurso electrónico en línea] |
| 506 ## - NOTA DE RESTRICCIONES AL ACCESO |
| Limitaciones de acceso |
Acceso abierto |
| 520 3# - NOTA DE RESUMEN, ETC. |
| Sumario, etc. |
El objetivo de este trabajo es reflexionar sobre la situación actual de las personas mayores para eliminar la visión de la vejez, aún presente en el imaginario social, según la cual, se considera al adulto mayor como sinónimo de ser inactivo, dependiente y vulnerable. Consideramos que es necesario hacer valer un nuevo modelo de gestión del envejecimiento en el que los adultos mayores sean reconocidos como un recurso humano esencial de participación y colaboración en los acontecimientos que ocurren en la sociedad. Por ello, para facilitar el camino de intervención en el sentido señalado, se presentan experiencias de “otro envejecer” que funcionan como alternativas a los modelos tradicionales a la hora de imaginar las trayectorias vitales en la última etapa de su vida. Estamos hablando del cohousing o “viviendas colaborativas” específicamente, del senior cohousing, que tanto en el contexto internacional como nacional se considera una opción residencial óptima y que en los últimos años están cobrando notoriedad en los medios de comunicación social y en el ámbito académico. Esta modalidad convivencial ofrece la posibilidad de disfrutar de vida privada y comunitaria, apuesta por la mejora de las condiciones de vida de las personas mayores (autonomía, ayuda mutua, comunicación, participación social, autodeterminación, etc.) y constituye una opción de modelo sostenible del envejecimiento activo. |
| 650 #4 - ASIENTO SECUNDARIO DE MATERIA - TERMINO TEMATICO |
| 9 (RLIN) |
14052 |
| Término de materia o nombre geográfico como elemento de entrada |
Vejez |
| 650 #2 - ASIENTO SECUNDARIO DE MATERIA - TERMINO TEMATICO |
| 9 (RLIN) |
27 |
| Término de materia o nombre geográfico como elemento de entrada |
Participación social |
| 653 0# - TERMINO DE INDIZACION - NO CONTROLADO |
| Término no controlado |
Envejecimiento activo |
| 653 0# - TERMINO DE INDIZACION - NO CONTROLADO |
| Término no controlado |
Modelos de vejez |
| 773 ## - ENLACE AL DOCUMENTO FUENTE/ENTRADA DE REGISTRO ANFITRIÓN |
| Parte(s) relacionada(s) |
Vol. 47, no. 1 (2018), p. 79-86 |
| Título |
Aula abierta (España) |
| Número Internacional Normalizado para Publicaciones Seriadas |
0210-2773 |
| 856 4# - LOCALIZACIÓN Y ACCESO ELECTRÓNICOS |
| Identificador Uniforme del Recurso |
<a href="https://reunido.uniovi.es/index.php/AA/article/view/12639">https://reunido.uniovi.es/index.php/AA/article/view/12639</a> |
| 856 4# - LOCALIZACIÓN Y ACCESO ELECTRÓNICOS |
| Identificador Uniforme del Recurso |
<a href="https://doi.org/10.17811/rifie.47.1.2018.79-86">https://doi.org/10.17811/rifie.47.1.2018.79-86</a> |
| 902 ## - ELEMENTOS DE DATOS B LOCAL, LDB (RLIN) |
| Creó |
Gloria Jiménez/0224 |
| 905 ## - TIPO DE MATERIAL |
| Tipo de material |
Articulo |
| 942 ## - ELEMENTOS DE PUNTO DE ACCESO ADICIONAL (KOHA) |
| Tipo de ítem Koha |
Artículo Electrónico |